Una historia de las lenguas y los nacionalismos

Saved in:
Bibliografiske detaljer
Hovedforfatter: Zabaltza, Xabier (Author)
Format: Bog
Sprog:spansk
Udgivet: Barcelona Gedisa 2006
Udgivelse:1a. ed
Serier:Biblioteca Iberoamericana de Pensamiento, BIP
Fag:
Tags: Tilføj Tag
Ingen Tags, Vær først til at tagge denne postø!

MARC

LEADER 00000nam a2200000 a 4500
001 UCJ9673
003 CL-VaPUC
008 070330e20060000SP |||||||||||||||||spa|d
020 |a 8474328098 
082 0 4 |a 417.7  |b ZAB  |2 21 
100 0 |a Zabaltza, Xabier  |e author  |9 519679 
245 1 4 |a Una historia de las lenguas y los nacionalismos 
250 |a 1a. ed 
300 |a 282 p 
942 |c BK 
945 |d 20070330 00:00:00  |a cmena 
260 |a Barcelona  |b Gedisa  |c 2006 
650 0 |a Lenguas  |9 324269 
650 0 |a Historia lingüística  |9 419992 
650 0 |a Investigación lingüística  |9 329785 
650 0 |a Sociolingüística  |9 263716 
650 0 |a Psicolingüística   |9 283371 
583 |a last modification  |c 20070330 00:00:00  |k Rodrigo Vera 
490 0 |a Biblioteca Iberoamericana de Pensamiento, BIP 
999 |c 325092  |d 325090 
952 |0 0  |1 0  |4 0  |6 417_700000000000000_ZAB_2006  |7 0  |8 A  |9 405671  |a BIBHIS  |b BIBHIS  |d 2019-11-22  |i 4326547  |o 417.7 ZAB 2006  |p 4326547  |r 2025-01-20  |w 2019-11-22  |y BK  |k HIS